Saint Seiya : Gold Saints all generations - Statistiques

Statistiques générales
  • Ce quiz a été pris 259 fois
  • Le résultat moyen est 34 sur 54
Statistiques - réponses
Constellations Saints % Correct
Chevalier du Taureau arc Sanctuaire Aldébaran
97%
Chevalier du Bélier arc Sanctuaire
96%
Chevalier des Gémeaux arc Sanctuaire Saga
95%
Chevalier des Poissons arc Sanctuaire Aphrodite
93%
Chevalier du Verseau arc Sanctuaire Camus
93%
Chevalier du Scorpion arc Sanctuaire Milo
93%
Chevalier de la Vierge arc Sanctuaire Shaka
93%
Chevalier du Capricorne arc Sanctuaire Shura
91%
Chevalier du Lion arc Sanctuaire Aiolia
90%
2nd chevalier des Gémeaux arc Sanctuaire Kanon
90%
Chevalier du Sagittaire arc Sanctuaire Aiolos
89%
Chevalier du Cancer arc Sanctuaire Deathmask
87%
Chevalier du Bélier the Lost Canvas Shion
87%
Chevalier du Bélier Next Dimension Shion
87%
Chevalier de la Balance arc Sanctuaire Dohkô
83%
Chevalier de la Balance the Lost Canvas Dohkô
83%
Chevalier de la Balance Next Dimension Dohkô
83%
Chevalier du Sagittaire Oméga Seiya
75%
Chevalier du Cancer the Lost Canvas Manigoldo
71%
Chevalier des Poissons the Lost Canvas Albafica
70%
Chevalier de la Vierge the Lost Canvas Asmita
70%
Chevalier du Bélier Oméga Kiki
70%
2nd Chevalier de la Balance Oméga Shiryû
68%
Chevalier du Lion the Lost Canvas Régulus
67%
Chevalier du Verseau the Lost Canvas Dégel
66%
2nd Chevalier des Gémeaux the Lost Canvas Deutéros
63%
Chevalier du Capricorne the Lost Canvas El Cid
63%
Chevalier du Scorpion the Lost Canvas Kardia
63%
Chevalier du Sagittaire the Lost Canvas Sisyphe
61%
Chevalier des Gémeaux the Lost Canvas Aspros
56%
Chevalier du Taureau the Lost Canvas Rasgado
55%
Chevalier des Gémeaux Oméga Paradox
54%
Chevalier du Taureau Oméga Harbinger
50%
2nd Chevalier des Gémeaux Next Dimension Abel
49%
Chevalier des Gémeaux Next Dimension Caïn
49%
Chevalier de la Balance Oméga Genbu
49%
Chevalier de la Vierge Oméga Fudô
48%
Chevalier du Scorpion Oméga Sonia
48%
Chevalier du Taureau Next Dimension Ox
46%
Chevalier du Cancer Next Dimension Deathtoll
45%
2nd Chevalier des Gémeaux Oméga Integra
44%
Chevalier de la Vierge Next Dimension Shijima
43%
Chevalier du Lion Next Dimension Kaiser
41%
Chevalier des Poissons Oméga Amor
40%
Chevalier du Cancer Oméga Schiller
39%
Chevalier du Verseau Oméga Tokisada
38%
Chevalier des Poissons Next Dimension Cardinale
36%
Chevalier du Lion Oméga Mycene
36%
Chevalier du Capricorne Oméga Ionia
35%
Chevalier du Capricorne Next Dimension Izô
35%
Chevalier de l'Ophiuchus Next Dimension Odysseus
35%
Chevalier du Scorpion Next Dimension Ecarlate
33%
Chevalier du Sagittaire Next Dimension Gestalt
30%
Chevalier du Verseau Next Dimension Mystoria
27%
Aucun quiz correspondant
Distribution des résultats
% des personnes avec chaque résultat
Percentile par nombre de réponses
Votre historique - résultats
Vous n’avez pas pris ce quiz